000 00262nam a2200097Ia 4500
001 644628
005 20250826153608.0
008 250824s9999 xx 000 0 und d
245 0 _aOSMANLI GÜNLÜKLERİ 6 SON SULTANLAR
_cSEVİNÇ KUŞOĞLU
260 _bGENÇ TİMAŞ
999 _c644628
_d644628